Laboratory tests & diagnostic procedures: with nursing daignoses.-- 4th ed. (Record no. 31892)
[ view plain ]
| 000 -LEADER | |
|---|---|
| fixed length control field | 00721nam a2200193 a 4500 |
| 008 - FIXED-LENGTH DATA ELEMENTS--GENERAL INFORMATION | |
| fixed length control field | 111025s1996 ||||||||||||||||| || u |
| 020 ## - INTERNATIONAL STANDARD BOOK NUMBER | |
| International Standard Book Number | 0838555950 |
| 050 ## - LIBRARY OF CONGRESS CALL NUMBER | |
| Classification number | RT 48.5 Cor |
| 100 ## - MAIN ENTRY--PERSONAL NAME | |
| Personal name | Corbett, Jane Vincent |
| 245 10 - TITLE STATEMENT | |
| Title | Laboratory tests & diagnostic procedures: with nursing daignoses.-- 4th ed. |
| 250 ## - EDITION STATEMENT | |
| Edition statement | 4th ed. |
| 260 ## - PUBLICATION, DISTRIBUTION, ETC. | |
| Place of publication, distribution, etc. | Stamford, Conn. |
| Name of publisher, distributor, etc. | Appleton & Lange |
| Date of publication, distribution, etc. | 1996 |
| 300 ## - PHYSICAL DESCRIPTION | |
| Extent | xi, 806p. : ill. |
| 350 ## - | |
| -- | 0.00 |
| 650 ## - SUBJECT ADDED ENTRY--TOPICAL TERM | |
| Topical term or geographic name entry element | DIAGNOSIS, LABORATORY |
| 650 ## - SUBJECT ADDED ENTRY--TOPICAL TERM | |
| Topical term or geographic name entry element | DIAGNOSIS |
| 650 ## - SUBJECT ADDED ENTRY--TOPICAL TERM | |
| Topical term or geographic name entry element | NURSING DIAGNOSIS |
| 995 ## - | |
| -- | MEDICAL LIBRARY OPEN ACCESS |
| -- | 0.00 |
| -- | 900173 |
| -- | CBU-SCHOOL OF MEDICINE LIBRARY (Ndola) |
| -- | 1 |
| -- | 0.00 |
| -- | RT 48.5 Cor |
| -- | 1 |
| -- | AVAILABLE |
| -- | Oct 25, 2011 |
| -- | 900173 |
| -- | Medical Library Open Access Collection |
| 999 ## - | |
| -- | 31892 |
| -- | 31892 |
| Withdrawn status | Lost status | Source of classification or shelving scheme | Damaged status | Not for loan | Permanent Location | Current Location | Shelving location | Date acquired | Total Checkouts | Full call number | Barcode | Date last seen | Price effective from | Koha item type |
|---|---|---|---|---|---|---|---|---|---|---|---|---|---|---|
| CBU-SCHOOL OF MEDICINE LIBRARY, NDOLA. | CBU-SCHOOL OF MEDICINE LIBRARY, NDOLA. | 11/30/2022 | RT 48.5 Cor | 900173 | 11/30/2022 | 11/30/2022 | MONOGRAPH |